Life at 40 : (Record no. 170647)

MARC details
000 -LEADER
fixed length control field 00514nam a2200169 4500
005 - DATE AND TIME OF LATEST TRANSACTION
control field 20191218170026.0
010 ## - LCCN (DPL NO)
LC control number ENG-127204
020 ## - INTERNATIONAL STANDARD BOOK NUMBER
International Standard Book Number 9789384061128
Terms of availability 499.00
035 ## - SYSTEM CONTROL NUMBER
System control number EN-110736
037 ## - SOURCE OF ACQUISITION
Source of stock number/acquisition DBAD/PUB
082 ## - DEWEY DECIMAL CLASSIFICATION NUMBER
Classification number 332
245 ## - TITLE STATEMENT
Title Life at 40 :
Remainder of title take charge of your finances
260 ## - PUBLICATION, DISTRIBUTION, ETC. (IMPRINT)
Place of publication, distribution, etc Mumbai
Name of publisher, distributor, etc TV 18 Broadcast
Date of publication, distribution, etc 2014
270 ## - ADDRESS
Address 414, 1st Floor Empire Mills Empire
City Senapati Bapat Marg, Lower (W),Mumbai
Postal code 400013
300 ## - PHYSICAL DESCRIPTION
Extent 186p.
Dimensions 20cm(Hb)
942 ## - ADDED ENTRY ELEMENTS (KOHA)
Source of classification or shelving scheme Dewey Decimal Classification
Item type English Books
Classification part 332
Call number suffix LIF
Holdings
Withdrawn status Lost status Not for loan Collection code Home library Current library Date acquired Source of acquisition Cost, normal purchase price Full call number Barcode Copy number Cost, replacement price Koha item type
      Non-fiction Mobile Library Mobile Library 18/12/2019 DBAD/PUB 499.00 332 LIF EN-110736 1 499.00 English Books

© Delhi Public Library
Hit Counter
free hit counter